000 00801nam a2200253Ia 4500
003 GCL
008 140319s9999 xx 000 0 ara d
040 _aGCL /
_cGCL
082 0 4 _a726.1
_bص ت
100 1 _aاحمد شوقى
245 1 0 _aدليل الضرائب /
_cاحمد شوقى
700 1 _aعبدالسلام شحاتة
700 1 _aهالة جمال
700 1 _aالاهرام الاقتصادى
250 _aالاولى
260 _aالقاهرة :
_bمؤسسة الاهرام ،
_c2005
300 _a310ص ؛
_c24سم
490 _aكتاب الاهرام الاقتصادى
_v222
650 0 4 _aالضرائب
650 0 4 _aالطعن بالنقض
650 0 4 _aقانون الضرائب
650 0 4 _aضرائب الارباح التجارية
942 _2ddc
_cBK
999 _c44055
_d44055